[Event "Ramat Gan Lag BaOmer op"]
[Site "Ramat Gan"]
[Date "2023.05.08"]
[Round "2"]
[White "Uritzky, Eli"]
[Black "Rozen, Eytan"]
[Result "0-1"]
[WhiteElo "1892"]
[BlackElo "2417"]
[PlyCount "58"]
[EventDate "2023.05.08"]
[EventType "swiss (rapid)"]
[EventRounds "5"]
[EventCountry "ISR"]
[SourceTitle "CBM 214 Extra"]
[Source "ChessBase"]
[SourceDate "2023.07.31"]
[SourceVersion "1"]
[SourceVersionDate "2023.07.31"]
[SourceQuality "1"]

1. e4 c6 2. Ne2 d5 3. e5 Bf5 4. g3 Be4 5. Rg1 Nd7 6. f4 e6 7. d4 c5 8. c3 Ne7 9. Be3 Nf5 10. Bf2 cxd4 11. cxd4 Qb6 12. Nbc3 Qxb2 13. g4 Bb4 14. Rc1 Rc8 15. gxf5 Rxc3 16. Nxc3 Bxc3+ 17. Rxc3 Qxc3+ 18. Qd2 Qxd2+ 19. Kxd2 Bxf5 20. Bb5 a6 21. Be2 Rg8 22. Bh4 Nb6 23. Bf6 Bg6 24. Bg5 Kd7 25. h4 Rc8 26. h5 Rc2+ 27. Ke3 Be4 28. h6 g6 29. Ra1 Na4 0-1